[Event "NED-GER m"]
[Site "Venlo"]
[Date "2000.08.25"]
[Round "2.6"]
[White "Van den Doel, Erik"]
[Black "Luther, Thomas"]
[Result "1/2-1/2"]
[WhiteElo "2547"]
[BlackElo "2547"]
[Annotator "Finkel,A"]
[PlyCount "81"]
[EventDate "2000.08.24"]
[EventType "team"]
[EventRounds "4"]
[EventCountry "NED"]
[SourceTitle "CBM 079"]
[Source "ChessBase"]
[SourceDate "2000.11.21"]
[SourceVersion "1"]
[SourceVersionDate "2000.11.21"]
[SourceQuality "1"]
[WhiteTeam "Netherlands"]
[BlackTeam "Germany"]
[WhiteTeamCountry "NED"]
[BlackTeamCountry "GER"]

{[%mdl 4128]} 1. e4 e6 2. d4 d5 3. Nc3 Nf6 4. Bg5 dxe4 5. Nxe4 Nbd7 6. Nxf6+
Nxf6 7. Nf3 c5 8. Bc4 {I don't believe that with this move white may get
something from the opening and the following game is a good example of how
black has to play in this variation.} Qa5+ 9. c3 (9. Bd2 Qb6 10. Bc3 cxd4 11.
Nxd4 Bd7 12. Qd3 Bb4 13. O-O Bxc3 14. Qxc3 Rc8 15. b3 O-O $11 {Lanka,Z-Luther,
T/Bundesliga 98/99}) 9... Be7 10. O-O O-O 11. Re1 (11. Qe2 cxd4 12. cxd4 Bd7
13. Ne5 Bc6 14. Nxc6 bxc6 15. Bf4 Rfd8 $132 {Goloshchapov,A-Komarov,D/8th
Festival 1999}) 11... cxd4 $1 (11... Rd8 12. Re5 Qb6 13. Qe2 cxd4 (13... h6 14.
Bxf6 gxf6 15. Rh5 Bf8 16. dxc5 Qc7 17. Re1 Bg7 18. h3 b6 19. Nh2 Bb7 20. Ng4 {
1/2-1/2 Morozevich,A-Korchnoi,V/Corus 2000}) 14. Nxd4 h6 15. Bh4 Nd5 16. Bxe7
Nxe7 17. Re1 $14 {Shirov,A-Topalov,V/Amber-rapid6th 1997}) 12. Qxd4 ({The only
chance to fight for opening advantage was} 12. cxd4 {with mutual chanses.})
12... h6 $1 13. Bf4 (13. Bxf6 $5 Bxf6 14. Qe4 Rd8 15. Bd3 Qf5 16. Qxf5 exf5 17.
Bc4 b5 $1 $11 {Kogan,A-Kruppa,Y/MK Cafe Cup-A 1999}) (13. Bh4 Rd8 14. Qe3 Ng4
15. Qe2 Bxh4 16. Nxh4 Qh5 17. Nf3 {1/2-1/2 Goloshchapov,A-Kruppa,Y/White
Nights 2000}) 13... Rd8 14. Qe5 (14. Qe3 Nd5 15. Bxd5 Qxd5 $11) 14... Qxe5 15.
Nxe5 (15. Bxe5 b6 16. Nd4 Bb7 17. Rad1 Nd5 $11) 15... g5 $5 16. Be3 Nd7 $1 {
Black's play is very simple and strong-white knight on e5 disturbs normal
development of black pieces so knight has to go!} (16... Nd5 17. Bd4 f6 18. Ng6
Kf7 19. Nxe7 Nxe7 20. Rad1 Nd5 21. f3 $14) 17. Nf3 b6 18. Bb5 Bb7 19. Rad1 (19.
Red1 $5 Bxf3 20. gxf3 Ne5 21. f4 Ng4 $11) 19... Bxf3 20. gxf3 Ne5 21. Be2 Ng6
22. a4 (22. Rxd8+ Rxd8 23. Rd1 Rxd1+ 24. Bxd1 Bd6 25. b4 $11) 22... Bc5 23.
Bxc5 (23. b4 Bd6) 23... bxc5 24. b4 Nf4 25. Ba6 cxb4 (25... Nd5 $2 26. bxc5
Nxc3 27. Rxd8+ Rxd8 28. c6 Nd5 29. Rd1 $1 Re8 30. Rxd5 $1 $18 {[%cal Gc6c8]})
26. cxb4 Kf8 27. a5 Ke7 28. b5 $6 {[%csl Ra6] Cutting his own bishop of the
game.} Nd3 $1 (28... Rxd1 29. Rxd1 Rb8 30. Kf1 Nd5 31. Rc1 Kd6 (31... Kd7 32.
Rd1) 32. Ke2 Nc7 33. Rd1+ Ke7 34. Rc1 Nxa6 (34... Nxb5 35. Bxb5 Rxb5 36. Rc7+
$11) 35. bxa6 Rb2+ 36. Kf1 Kd6 37. Rc8 $11) (28... Rab8 $5) 29. Re3 Nc5 30. Rc1
(30. Rxd8 Rxd8 31. Rc3 Rd5 $17 {[%csl Ra5,Ra6]}) 30... Nxa6 $6 {Permitting
white to hold the position without any problems,while after accurate} (30...
Rd5 $1 31. Rec3 Nxa6 32. bxa6 Rxa5 33. Rc7+ Kf6 34. R1c6 Ra2 $1 35. Rd7 Rb8 36.
Rxa7 Rb1+ 37. Kg2 Rbb2 $17 {white is in troubles}) 31. bxa6 Rab8 (31... Rd6 32.
Rc7+ Kf6 33. Rb3 {[%csl Rf7]} Rxa6 34. Rbb7 Rxa5 35. Rxf7+ Ke5 (35... Kg6 36.
Rfe7 $11 {[%csl Ra7,Re6]}) 36. Rh7 Ra1+ 37. Kg2 a5 38. Rxh6 $11) 32. Rc7+ $11
Rd7 (32... Kf6 $2 33. Rxa7 Rb1+ 34. Kg2 Rdd1 35. Rb7 Rg1+ 36. Kh3 $16 {[%cal
Ga6a8]}) 33. Rxd7+ Kxd7 34. Rd3+ Kc6 35. Rc3+ Kd6 36. Rd3+ Kc6 37. Rc3+ Kd6 38.
Rd3+ Kc7 39. Rc3+ Kd7 40. Rd3+ Ke7 41. Rc3 1/2-1/2

[Event "RUS-ch 57th"]
[Site "Moscow"]
[Date "2004.11.20"]
[Round "5"]
[White "Tseshkovsky, Vitaly"]
[Black "Bareev, Evgeny"]
[Result "0-1"]
[WhiteElo "2577"]
[BlackElo "2715"]
[Annotator "Finkel,A"]
[PlyCount "58"]
[EventDate "2004.11.15"]
[EventType "tourn"]
[EventRounds "11"]
[EventCountry "RUS"]
[EventCategory "18"]
[SourceTitle "CBM 104"]
[Source "ChessBase"]
[SourceDate "2005.01.27"]
[SourceVersion "1"]
[SourceVersionDate "2005.01.27"]
[SourceQuality "1"]

1. e4 e6 2. d4 d5 3. Nc3 Nf6 4. Bg5 dxe4 5. Nxe4 Be7 6. Bxf6 Bxf6 7. Nf3 Nd7 8.
Qd2 (8. Bd3) (8. Bc4) 8... O-O 9. O-O-O Be7 {Bareev is a leading expert in the
world in this variation of the french defense, so there was no doubt that
after his famous defeat to Anand in the latest Wijk an Zee tournament won't
frighten him!} 10. Bd3 b6 11. h4 Bb7 12. Neg5 {Beyond any doubt this move is
the most crucial for the evaluation of the whole variation.} (12. c3 c5 13.
Neg5 $5 (13. dxc5 Qc7 $5 14. Qc2 (14. Neg5 Nf6 15. Qe2 Qf4+ $1 16. Kb1 Bxc5 17.
g3 Bxf3 18. Nxf3 Qc7 19. Rhe1 $14) 14... h6 15. cxb6 axb6 16. Kb1 Ra5 17. Ned2
Rfa8 18. a3 Nc5 $44 {Solozhenkin,E-Dizdar,G/Paris 1996}) 13... Nf6 (13... h6
14. Bh7+ Kh8 15. Bc2 Bxf3 16. Nxf3 Nf6 17. Kb1 Qc7 18. Qe2 cxd4 19. Nxd4 h5 $11
{Anand,V-Bareev,E/Monte Carlo 2003}) 14. Qc2 g6 15. h5 $1 Nxh5 $5 16. Nxe6 $1
$36 {Ivanchuk,V-Radjabov,T/Moscow 2002}) (12. Nfg5 h6 13. f4 c5 14. dxc5 Qc7
15. Nd6 Nxc5 16. Nxb7 Nxb7 17. c3 Rfd8 18. Ne4 Rd5 $132 {Fercec,N-Dizdar,G/
Pula 1997}) (12. Rh3 Nf6 13. Nxf6+ Bxf6 14. Ng5 h6 15. Nh7 Re8 16. Nxf6+ Qxf6
17. g4 $14 {Fercec,N-Golubovic,B/Kastav 2000}) (12. Qe2 c5 (12... Nf6 13. Neg5
Bxf3 14. Nxf3 Qd6 15. Ne5 c5 16. dxc5 Qxc5 17. Kb1 Bd6 18. f4 h5 {1/2-1/2
Dominguez,L-Nogueiras,J/Havana 2001/CBM 84 (18)}) 13. Neg5 h6 14. Nxe6 $2 Bxf3
15. gxf3 fxe6 16. Qxe6+ Kh8 17. Rhg1 Rf6 18. Qg4 Bf8 $19 {Horvath,A-Golubovic,
B/Charleville 2000}) 12... h6 $5 {Bareev decides to deviate from 12...Nf6
which brought up the bad memories!} (12... Nf6 13. c3 {[%csl Rh7][%cal Gd2c2]}
Bxf3 14. gxf3 $5 c5 15. dxc5 Qc7 16. Kb1 bxc5 17. Rdg1 $6 Rfd8 $2 18. Qc2 h6
19. Bh7+ Kf8 20. Nxf7 Kxf7 21. Qg6+ Kf8 22. Qxg7+ Ke8 23. Re1 $5 $36 {[%csl
Re8] Anand,V-Bareev,E/Wijk aan Zee 2004}) 13. Bh7+ (13. Rh3 c5 14. Kb1 cxd4 15.
Qf4 Qb8 16. Qxd4 Bxf3 17. Nxf3 Nc5 $15 {Riegler,P-Dizdar,G/Bled 1994}) 13...
Kh8 14. Be4 $6 {After this move white doesn't have any advantage. I'm not sure
that 14.Bd3, which was tried by Vallejo is sufficient, but it's most definitly
an only try white has got.} (14. Bd3 $5 Kg8 15. Rh3 c5 16. Rg3 hxg5 17. hxg5 g6
18. Rh1 Bxf3 19. gxf3 Kg7 20. Rgh3 Bxg5 21. Rh7+ Kg8 22. f4 $40 {Vallejo Pons,
F-Sharif,M/France 2004}) 14... Bxg5 $1 (14... Bxe4 15. Nxe4 c5 (15... Nf6 16.
Nxf6 Bxf6 17. g4 Qd5 18. Qf4 Be7 19. Kb1 a5 20. Ne5 Kg8 21. g5 h5 22. c4 Qd6
$13 {Llaneza Vega,P-Mkrtchian,L/Mallorca 2004}) 16. d5 exd5 17. Qxd5 Nf6 18.
Qf5 Qc8 19. Qxc8 Rfxc8 20. Nxf6 Bxf6 21. g4 $14 {Al Modiahki,M-Abdul,M/Doha
2002}) 15. Nxg5 Qb8 $5 {Very important defensive resourse. Black queen is very
comfortbaly placed on b7.} 16. Bxb7 (16. Qf4 Nf6 17. f3 Kg8 18. Bxb7 Qxb7 19.
Ne4 Nd5 $11) 16... Qxb7 17. d5 $6 {This move is not a bad one by itself since
white keps an equal chances anyway, but it's obvious that Tseshkovsky planned
the pawn sacrifice, so...} (17. Nf3) 17... exd5 18. Rde1 $2 {It was necessary
to play} (18. Qxd5 Qxd5 19. Rxd5 Nf6 20. Rd2 Kg8 (20... hxg5 $2 21. hxg5+ Nh7
22. Rd4 $18) 21. Nf3 $11 {with equal position.}) 18... Kg8 19. Re7 Nf6 20. Qc3
d4 $1 {I guess white overlooked this nice and simple blow, sinceafter the move
in the game black gets the decisive advantage in just a couple of moves.} 21.
Qg3 (21. Qxc7 Qxc7 22. Rxc7 hxg5 23. hxg5 Ne4 $19) 21... Qd5 22. Kb1 Rae8 $1
$19 {[%csl Rb1] Exploiting the weakness of the first rank.} 23. Rxc7 (23. Rxe8
Rxe8 24. Nf3 c5 $19) 23... hxg5 24. hxg5 Nh5 25. Qh4 g6 26. g4 Qe5 $1 27. c3
Qe4+ (27... Qxc7 28. gxh5 Qc6 29. hxg6 Qe4+ $19) 28. Kc1 Qf4+ 29. Kb1 Re2 (
29... Re2 30. gxh5 Qd2 $19 {[%csl Rb2]}) 0-1

[Event "EU-chT (Men) 13th"]
[Site "Leon"]
[Date "2001.11.07"]
[Round "2.1"]
[White "Kotronias, Vasilios"]
[Black "Godena, Michele"]
[Result "0-1"]
[WhiteElo "2548"]
[BlackElo "2496"]
[Annotator "Finkel,A"]
[PlyCount "84"]
[EventDate "2001.11.06"]
[EventType "team-swiss"]
[EventRounds "9"]
[EventCountry "ESP"]
[SourceTitle "CBM 086"]
[Source "ChessBase"]
[SourceDate "2002.02.05"]
[SourceVersion "1"]
[SourceVersionDate "2002.02.05"]
[SourceQuality "1"]
[WhiteTeam "Cyprus"]
[BlackTeam "Italy"]
[WhiteTeamCountry "CYP"]
[BlackTeamCountry "ITA"]

1. e4 e6 2. d4 d5 3. Nd2 dxe4 4. Nxe4 Nd7 5. Nf3 Ngf6 6. Nxf6+ Nxf6 7. Bg5 c5
8. Bb5+ Bd7 9. Bxd7+ Qxd7 10. Qe2 (10. Bxf6 gxf6 11. O-O (11. c3 cxd4 (11...
O-O-O 12. Qe2 cxd4 13. Nxd4 Bc5 14. Nb3 Bb6 {1/2-1/2 Reeh,O-Atalik,S/Budapest
Kasparov 1991/EXP 24}) 12. Qxd4 $11 {1/2-1/2 Dzindzichashvili,R-Gurevich,D/
USA-ch G2 1997}) 11... cxd4 12. Qxd4 Qxd4 13. Nxd4 Bc5 14. Rad1 Rd8 15. Nb3 Bb6
$11 {Ghinda-Luther, Ikaria, 1993}) 10... cxd4 (10... Be7 11. O-O-O (11. dxc5 $5
O-O (11... Bxc5 $6 12. Ne5 Qa4 13. O-O O-O 14. Bxf6 gxf6 15. Qf3 $1 $16 {
Hracek,Z-Slobodjan,R/MK Cafe Cup Open A 1999}) 12. Ne5 Qd5 13. O-O Bxc5 14.
Rfe1 $14 {Leko,P-Kortschnoj,V/Wijk aan Zee 2000/CBM 75} (14. Rad1 Qe4)) 11...
O-O 12. dxc5 (12. Kb1 Qc7 13. dxc5 (13. d5 $5 {[%cal Ge2e7,Gg5e7]} exd5 $1 14.
Rhe1 Bd8 15. Bxf6 Bxf6 16. Rxd5 $11 {Nisipeanu,L-Rogozenko,D/Ciocaltea mem 1998
}) 13... Qxc5 14. Ne5 Rfd8 15. Bxf6 Bxf6 16. Nd7 Qc6 (16... Qe7 $1 17. Qb5 a6
$1 18. Nxf6+ Qxf6 19. Qb6 Qe7 $10) 17. Nxf6+ gxf6 18. Qg4+ Kf8 19. Qb4+ Kg7 $11
{Timman,J-Kortschnoj,V/WchT Luzern 1989}) 12... Qa4 (12... Qc7 13. Ne5 Qxc5 14.
Bxf6 Bxf6 15. Nd7 Qg5+ 16. Kb1 $36 {Fercec,N-Tukmakov,V/Zadar op 1997}) 13. Kb1
Bxc5 (13... Rad8 14. Ne5 h6 15. Bxf6 Bxf6 16. f3 Rd4 17. Rxd4 Qxd4 18. Nd3 Rd8
19. Re1 Qa4 20. f4 $14 {Dolmatov,S-Gurevich,/1992}) (13... Rfd8 $13) 14. Bxf6
gxf6 15. Ne1 (15. Rd3 $146 Rfd8 16. Rhd1 Rxd3 17. Rxd3 Qg4 $13 {Hernandez,
G-Kortschnoj,V/Merida m 1996}) 15... Rfd8 16. Nd3 Bf8 17. f4 Rd5 $13 {Leko,
P-Kortschnoj,V/Vienna 1996/CBM 55}) 11. O-O-O Bc5 (11... Be7 12. Rxd4 Qc7 $6
13. Qb5+ Qc6 14. Qxc6+ bxc6 15. Rc4 c5 16. Bxf6 gxf6 17. Rd1 $16 {
Mikhalchishin-Chernin/Cienfuegos/1981}) 12. Nxd4 $5 {A new move in this
well-known position, however black manages to keep the balance without too
many problems.} (12. Kb1 Qa4 13. Qe5 Rc8 14. Bxf6 gxf6 15. Qxf6 Qxc2+ 16. Ka1
O-O 17. Ne5 Qf5 18. Qxf5 exf5 19. Kb1 Rfe8 20. Nd3 Bd6 $15 {Sturua,
Z-Gretarsson,H/Elista 1998/CBM 66}) (12. Qe5 Rc8 (12... Qe7 13. Nxd4 O-O-O 14.
Nb5 b6 15. a3 a6 16. Nc3 h6 17. Bh4 $14 {Barskij,V-Pushkov,N/Orel 1992/EXT 97})
13. Nxd4 Qc7 14. Qxc7 Rxc7 15. f3 a6 16. Rhe1 O-O 17. Bf4 {1/2-1/2 Almasi,
Z-Ehlvest,J/Biel 1996/CBM 55 (17)}) 12... O-O-O 13. Nb3 (13. Nf5 $2 {[%cal
Gd1d7]} Qa4 $1 14. Nxg7 Qxa2 15. c4 Bd4 $1 {[%csl Rc1]} (15... Rxd1+ 16. Rxd1
Nd7) 16. Rxd4 Rxd4 17. Bxf6 Rxc4+ 18. Kd2 Rd8+ 19. Bxd8 Qxb2+ $19) 13... Bd6
14. Qe3 (14. Kb1 h6 15. Bxf6 gxf6 16. Rd3 Qe7 17. g3 Bc7 $11) 14... Qa4 $5 15.
Kb1 Bc7 16. Bxf6 gxf6 17. g3 f5 18. a3 h5 $11 {Black has solved openng
problems and reached an equality.} 19. Rhe1 a6 $6 {It's hard to call this move
an inaccuracy, but it slightly weakens position of the king, that's why black
should manage without it.} (19... h4) 20. Qc3 h4 21. Qg7 hxg3 22. hxg3 Rdf8 $6
(22... Rxd1+ 23. Rxd1 Qe8 24. Qc3 (24. Qd4 $6 Qd8 25. Qxd8+ Bxd8 $15) 24... Rh2
25. Rd2 $11) 23. Rd3 Rhg8 24. Qf6 Rg6 $6 {Rook is out of play on g6.} 25. Qe7
Qe8 26. Qb4 $36 {[%csl Rg6] Suddenly black is under attack.} (26. Qc5 $5 Kb8
27. Red1 Qc8 28. Rd7 Rgg8 29. Qb4 Rd8 30. Nc5 $14) 26... Rg4 27. f4 Rfg8 28.
Ree3 Qb5 29. Qd4 $1 $16 {Penitrating to a7.} (29. Qxb5 axb5 30. Rf3 {[%cal
Gb3d4]} f6 {[%cal Ge6e5]} (30... Bb6 31. Nc1 Rh8 32. Rb3 Bc7 33. Rxb5 $14) 31.
Nc5 e5 32. fxe5 Bxe5 33. Rxf5 Rxg3 34. Rxg3 Rxg3 $13) 29... Rd8 30. Qa7 {
[%csl Rc8]} Rxd3 31. Rxd3 Rg8 32. Nc5 $4 {Very painfull blunder in easiy
winning position.} (32. Rc3 $1 {[%cal Gc3c8]} Rd8 33. Nc5 $1 (33. Qa8+ Kd7 34.
Nc5+ Ke8 (34... Qxc5 35. Qxd8+ Bxd8 36. Rxc5 $18) 35. Qxb7 Qxb7 36. Nxb7 Rd1+
37. Ka2 Bb6 38. Nc5 $16) 33... Rd1+ 34. Ka2 Qc6 35. Qa8+ Bb8 36. Nxa6 $18)
32... Bb8 $19 33. Qa8 Qxc5 34. Rc3 Qxc3 35. bxc3 Rxg3 {[%csl Ra8]} 36. Kb2 Rg4
37. c4 Kc7 38. Kc3 (38. c5 Rg8 39. Kb3 Kc6 40. Kc4 Rd8 $19 {[%cal Gf7f6,Ge6e5]}
) 38... Rg8 39. Kb4 Rd8 40. c5 f6 41. a4 Kc6 42. c4 e5 0-1

[Event "Douglas PokerStars op"]
[Site "Douglas"]
[Date "2015.10.09"]
[Round "7"]
[White "Naiditsch, Arkadij"]
[Black "Harikrishna, Pentala"]
[Result "0-1"]
[WhiteElo "2682"]
[BlackElo "2737"]
[Annotator "Fischer,J"]
[PlyCount "112"]
[EventDate "2015.10.03"]
[EventType "swiss"]
[EventRounds "9"]
[EventCountry "IOM"]
[SourceTitle "CBM 168 Extra"]
[Source "ChessBase"]
[SourceDate "2015.10.29"]
[SourceVersion "1"]
[SourceVersionDate "2015.10.29"]
[SourceQuality "1"]

1. e4 e6 2. d4 d5 3. Nc3 Nf6 4. Bg5 dxe4 5. Nxe4 Be7 6. Bxf6 gxf6 7. Nf3 a6 8.
Qd2 f5 9. Nc3 b5 10. O-O-O b4 11. Ne2 Bb7 12. Kb1 Qd6 13. Ne5 Bd5 14. Qe1 Nd7
15. Nf4 c6 16. Bd3 Bf6 17. Nxd5 cxd5 18. f4 Qb6 19. Be2 h5 20. Rd3 Rc8 21. Qd2
Be7 22. Rb3 Nf6 23. Rd1 a5 24. a4 Ne4 25. Qe1 Bf6 26. c3 Qc7 27. cxb4 Qc2+ 28.
Ka2 axb4 {[#]} 29. Bd3 {Mit diesem Zug forciert Weiß eine für ihn günstige
Abwicklung.} Nc3+ 30. Qxc3 Rxc3 31. Bxc2 Rxc2 32. Rxb4 {Weiß hat einen Bauern
mehr, zwei verbundene Freibauern am Damenflügel, die eventuell von dem
weißen König unterstützt werden können und der schwarze Turm auf h8 ist
immer noch außer Spiel. Weiß scheint klar auf Gewinn zu stehen. Tatsächlich
bescheinigen die Engines Weiß klaren Vorteil - aber Pentala Harikrishna
gelingt es, Gegenspiel zu inszenieren.} O-O $1 {Besser spät als nie! Schwarz
rochiert erst im 32. Zug. Damit bringt er seinen Turm h8 ins Spiel und
schließt - wenn man so will - seine Entwicklung ab. Aber kann Weiß jetzt
nicht mit der Springergabel auf d7 gewinnen?} 33. Nd7 Be7 {Dieser Zwischenzug
rettet Schwarz. Schlecht steht er allerdings immer noch.} 34. Rb7 Ra8 35. Nb6
$6 {Danach harmonieren die weißen Figuren nicht mehr wirklich gut.} ({Hier
empfiehlt die Engine} 35. Kb3 {und schlägt folgende Beispielvariante vor:}
Rxg2 36. Rb8+ Rxb8+ 37. Nxb8 Kf8 38. a5 Bd6 39. Nc6 Rg8 40. a6 Ke8 41. a7 Kd7
42. Nb8+ Rxb8+ 43. axb8=Q Bxb8 44. Rf1 {mit Gewinnstellung für Weiß.}) 35...
Ra6 36. Rd3 Bd6 37. Rg3+ Kh8 38. Kb3 ({Danach kommt Weiß in Nachteil. Die
Engines empfehlen} 38. Rc3 {und bewerten die Stellung als ausgeglichen.}) 38...
Rc7 39. Rb8+ Kh7 {Die weißen Türme wirken bedrohlich, aber sind es nicht.
Der Springer b6 schwebt allerdings tatsächlich in Gefahr.} 40. Rgg8 Bxf4 41.
Rh8+ Kg7 42. Rhg8+ Kf6 43. Rgd8 Rca7 {Die unharmonische Stellung seiner
Figuren kostet Weiß jetzt Material.} 44. Re8 Bxh2 45. Ka3 Bg1 {Schwarz
verzichtet auf den Qualitätsgewinn und erobert stattdessen den Bauern d4.
Danach sind seine Zentrumsbauern stark und der Läufer kann die Bauern am
Damenflügel aufhalten.} 46. Ra8 Bxd4 47. Nd7+ Kg5 48. Rxa7 Rxa7 49. Nb8 Ra8
50. b4 Ba7 51. a5 Rxb8 52. Rxb8 Bxb8 53. b5 Bc7 54. b6 Bd8 55. Kb4 d4 56. Kc4
e5 0-1

[Event "FIDE-Wch k.o."]
[Site "New Delhi/Teheran"]
[Date "2000.12.10"]
[Round "5.2"]
[White "Shirov, Alexei"]
[Black "Bareev, Evgeny"]
[Result "1-0"]
[WhiteElo "2746"]
[BlackElo "2702"]
[Annotator "Ftacnik,L"]
[PlyCount "57"]
[EventDate "2000.11.27"]
[EventType "k.o."]
[EventRounds "7"]
[EventCountry "IND"]
[SourceTitle "CBM 080"]
[Source "ChessBase"]
[SourceDate "2001.01.25"]
[SourceVersion "1"]
[SourceVersionDate "2001.01.25"]
[SourceQuality "1"]

1. e4 e6 2. d4 d5 3. Nc3 Nf6 4. Bg5 dxe4 5. Nxe4 Be7 6. Bxf6 Bxf6 7. Nf3 Nd7 8.
Qd2 O-O 9. O-O-O Be7 10. Bc4 Nf6 11. Rhe1 Nd5 $6 {Bareev is not reacting well
to the dangerous concept of his opponent. The castling on the opposite sides
prescribe the play very sharp character.} (11... Nxe4 12. Rxe4 b5 $5 13. Bxb5 (
13. Bd3 Bb7 14. Re5 a6 $11 (14... Bxf3 15. gxf3 c6 $11)) 13... Qd5 14. Re5 Qxa2
15. Qc3 Bb7 $36) 12. Ne5 f5 13. Bxd5 $1 exd5 (13... Qxd5 14. c4 $1 Qd8 15. Nc3
$14) 14. Nc5 Bg5 (14... Bxc5 $6 15. dxc5 c6 16. c4 $16) 15. f4 Bf6 16. h3 Qd6 (
16... b6 17. Ncd3 Bb7 18. g4 $14) 17. Ncd3 b6 18. g4 $1 {[%mdl 128] Shirov's
pieces in the center are so strong, that black's counterplay faces exceptional
obstacles.} c5 19. g5 Bd8 (19... Bxe5 20. fxe5 Qc6 21. dxc5 bxc5 22. Qa5 $16)
20. Qg2 Rb8 (20... c4 21. Nxc4 dxc4 22. Qxa8 cxd3 23. Qxc8 Qxf4+ 24. Kb1 dxc2+
25. Qxc2 $16) 21. g6 c4 (21... h6 22. Nf7 Qc6 23. Nde5 Qa8 24. dxc5 $18) 22.
Nb4 $1 Bb7 (22... Qxb4 23. Qxd5+ Kh8 24. Nf7+ Rxf7 25. Qxf7 $18) (22... hxg6
23. Nxg6 Qxb4 24. Qxd5+ Kh7 25. c3 Bb7 26. Qd7 $18) 23. gxh7+ Kxh7 24. Rg1 Qh6
(24... Bf6 25. c3 Kg8 26. Nc2 $16) 25. Qf3 (25. Nd7 Be7 26. Nxb8 Bxb4 27. Nd7
Re8 28. Ne5 $18) 25... Bf6 (25... Qd6 26. Rg6 Qxb4 27. Qh5+ Kg8 28. Rxg7+ Kxg7
29. Qg6+ Kh8 30. Qh6+ Kg8 31. Rg1+ $18) 26. Nd7 $1 {There is no reason to
postpone collecting the fruits of white's efforts, black fails to provide any
compensation for the material.} Rbd8 (26... Be7 27. Nxf8+ Rxf8 28. Nxd5 $18)
27. Nxf8+ Rxf8 28. Nxd5 Kh8 (28... Bxd5 29. Qxd5 Qxf4+ 30. Kb1 Rd8 31. Qxc4
Rxd4 32. Qe2 $18) 29. Qa3 $1 1-0